01765 a2200277 4500003000500000005001700005010001700022020001500039035002700054035001800081040000900099082001600108100002600124245004500150260005900195300003400254440004500288505074900333650003401082710004101116856009101157856008101248942001301329999001901342952012601361Nust20220803111341.0 a 2006494128 a0852961073 a(CStRLIN)UKCG3479351-B a(UkCU)3479351 cNust a621.317,STE1 aStewart, Stan.99638910aDistribution Switchgear /cStan Stewart. aLondon :bInstitution of Electrical Engineers,cc2004. axiv, 246 p. :bill. ;c25 cm. 0aIEE power and energy series ;v46996390 aBasics and general principles (Page-1), Interruption techniques (Page-9), Fault level calculations (Page-31), Symmetrical and asymmetrical fault currents (Page-43), Electromagnetic forces and contact design (Page-55), Switching transients (Page-71), Insulation (Page-87), Operating mechanisms (Page-103), Primary switchgear (Page-119), Cable connected secondary switchgear (Page-135), Overhead conductor connected secondary switchgear (Page-153), High-voltage fuse-links (Page-175), Switchgear type tests (Page-187)Product conformity, quality control and service problem resolution (Page-211),Cost of ownership (Page-221), The future (Page-225), Further reading (Page-231), National, international and customer specifications (Page-235),g r , 0aTelecommunication Engineering2 aInstitution of Electrical Engineers.413Publisher descriptionuhttp://www.loc.gov/catdir/enhancements/fy0652/2006494128-d.html413Table of contents onlyuhttp://www.loc.gov/catdir/toc/fy0702/2006494128.html 2ddccREF c176964d176964 00102ddc4070aMCSbMCScREFd2016-12-12o621.317,STEpMCS32332r2016-12-08w2016-12-12yREFzAlmirah No.20, Shelf No.3